<?xml version="1.0" encoding="UTF-8"?>
<record
    xmlns:xsi="http://www.w3.org/2001/XMLSchema-instance"
    xsi:schemaLocation="http://www.loc.gov/MARC21/slim http://www.loc.gov/standards/marcxml/schema/MARC21slim.xsd"
    xmlns="http://www.loc.gov/MARC21/slim">

  <leader>02690nam a2200289 i 4500</leader>
  <controlfield tag="003">DO-SdBNP</controlfield>
  <controlfield tag="005">20260327130740.0</controlfield>
  <controlfield tag="007">ta</controlfield>
  <controlfield tag="008">230818e2020    dr aobc| |||| 00| 0 spa d</controlfield>
  <datafield tag="020" ind1=" " ind2=" ">
    <subfield code="a">9789945807561</subfield>
  </datafield>
  <datafield tag="040" ind1=" " ind2=" ">
    <subfield code="a">DO-SdBNP</subfield>
    <subfield code="b">spa</subfield>
    <subfield code="c">BNPHU</subfield>
    <subfield code="e">rda</subfield>
  </datafield>
  <datafield tag="041" ind1=" " ind2=" ">
    <subfield code="a">spa</subfield>
  </datafield>
  <datafield tag="082" ind1=" " ind2="1">
    <subfield code="a">xxx</subfield>
    <subfield code="b">xxx</subfield>
    <subfield code="2">22</subfield>
  </datafield>
  <datafield tag="245" ind1="1" ind2="0">
    <subfield code="a">Puntos ciegos de la historia pol&#xED;tica dominicana y otros escritos /</subfield>
    <subfield code="c">Homero Luis Lajara Sol&#xE1; ; cuidado de edici&#xF3;n, C&#xE1;ndido Ger&#xF3;n ; compilador, Mario Rosario</subfield>
  </datafield>
  <datafield tag="250" ind1=" " ind2=" ">
    <subfield code="a">Primera edici&#xF3;n</subfield>
  </datafield>
  <datafield tag="264" ind1=" " ind2="4">
    <subfield code="a">Santo Domingo :</subfield>
    <subfield code="b">Editora Corripio.</subfield>
    <subfield code="c">&#xA9;2020.</subfield>
  </datafield>
  <datafield tag="300" ind1=" " ind2=" ">
    <subfield code="a">176 p&#xE1;ginas :</subfield>
    <subfield code="b">Ilustrciones, fotograf&#xED;as, retratos ;</subfield>
    <subfield code="c">23 cm.</subfield>
  </datafield>
  <datafield tag="336" ind1=" " ind2=" ">
    <subfield code="a">texto</subfield>
    <subfield code="b">txt</subfield>
    <subfield code="2">rdacontent</subfield>
  </datafield>
  <datafield tag="337" ind1=" " ind2=" ">
    <subfield code="a">sin mediaci&#xF3;n</subfield>
    <subfield code="b">n</subfield>
    <subfield code="2">rdamedia</subfield>
  </datafield>
  <datafield tag="338" ind1=" " ind2=" ">
    <subfield code="a">volumen</subfield>
    <subfield code="b">nc</subfield>
    <subfield code="2">rdacarrier</subfield>
  </datafield>
  <datafield tag="500" ind1=" " ind2=" ">
    <subfield code="a">Incluye &#xED;ndice onom&#xE1;stico.</subfield>
  </datafield>
  <datafield tag="505" ind1=" " ind2=" ">
    <subfield code="a">Duarte y la "Dominicracia".-- Interpretando la Independencia.-- S&#xE1;nchez del Marzo Glosario.-- Norcorea: La Tormenta se Acumula.-- El Bloqueo a Catar: Lucha de Intereses.--</subfield>
    <subfield code="t">El Mito de la Isla Indivisible.-- Hait&#xED;: refugiados medioambientales.-- HIt&#xED;, &#xBF;Victima de qui&#xE9;n?.-- Cultura Econ&#xF3;mica.-- El Calentamiento Global.-- Mi Padre y su Afici&#xF3;n por la Literatura.-- Compromiso Duartiano.-- El Futuro Ante la Historia.-- Civismo y Compromiso Remembranzas Maternas.-- Trujillo y Hait&#xED; (1930 - 1961).-- Bosch y sus Relaciones con Hait&#xED; (1963).-- El Triunvirato y sus Tensas Relaciones con Hait&#xED; (1963-1965).-- Los 12 a&#xF1;os de Gobierno de Balaguer y Hait&#xED; (1966-1978).-- El Gobierno.-- El Gobierno del Presidente Antonio Guzm&#xE1;n y sus Relaciones con Hait&#xED; (1978-1982).-- El Gobierno del Presidente Jorge Blanco y sus Relaciones con Hait&#xED; (1982-1986).--</subfield>
    <subfield code="t">Los 10 a&#xF1;os de Balaguer y sus Relaciones con Hait&#xED; (1986-1996).-- Primer Gobierno del Dr. Leonel Fern&#xE1;ndez y su Relaci&#xF3;n con Hait&#xED; (1996-2000).-- El Gobierno del Presidente Ing. Hip&#xF3;lito Mej&#xED;a y su Relaci&#xF3;n con Hait&#xED; (2000-2004).-- Los Gobiernos de Leonel Fern&#xE1;ndez (2004-2012) y su Relaci&#xF3;n con Hait&#xED;.-- Experiencia traum&#xE1;tica: Literatura y Tiran&#xED;a.-- Rasgos Fundamentales: El l&#xED;der Pol&#xED;tico del Milenio.-- D&#xED;a Mundial de los Oc&#xE9;anos.-- Julio en la Historia Dominicana.-- La Restauraci&#xF3;n y Nuestra Dominicracia.-- </subfield>
    <subfield code="t">Presidente B&#xE1;ez, Planes de Anexi&#xF3;n y el Endeudamiento externo del Pa&#xED;s.-- Apartidismo Militar.-- Ep&#xED;logo del Siglo XIX en la Historia de la Rep&#xFA;blica Dominicana.-- Ambivalencias Pol&#xED;ticas de Nuestra "Dominicracia".-- Lecturas Paternas y sus Reflexiones,-- &#xCD;ndice Onom&#xE1;stico.</subfield>
  </datafield>
  <datafield tag="590" ind1=" " ind2=" ">
    <subfield code="a">Inventariado 2023 / MF</subfield>
  </datafield>
  <datafield tag="700" ind1="1" ind2=" ">
    <subfield code="a">Ger&#xF3;n, Candido,</subfield>
    <subfield code="d">1948-</subfield>
    <subfield code="e">editor</subfield>
    <subfield code="4">ed.</subfield>
    <subfield code="9">3577</subfield>
  </datafield>
  <datafield tag="700" ind1="1" ind2=" ">
    <subfield code="d">Rosario, Mario,</subfield>
    <subfield code="e">compilador</subfield>
    <subfield code="4">comp.</subfield>
    <subfield code="9">83987</subfield>
  </datafield>
  <datafield tag="942" ind1=" " ind2=" ">
    <subfield code="2">ddc</subfield>
    <subfield code="c">LBS1</subfield>
  </datafield>
  <datafield tag="952" ind1=" " ind2=" ">
    <subfield code="0">0</subfield>
    <subfield code="1">0</subfield>
    <subfield code="2">ddc</subfield>
    <subfield code="5">1</subfield>
    <subfield code="7">0</subfield>
    <subfield code="8">PD</subfield>
    <subfield code="a">BNPHU</subfield>
    <subfield code="b">BNPHU</subfield>
    <subfield code="c">CT</subfield>
    <subfield code="d">2022-05-19</subfield>
    <subfield code="e">Donado por Ubi Rivas</subfield>
    <subfield code="l">0</subfield>
    <subfield code="o">BNPHU PD </subfield>
    <subfield code="p">2023-5425</subfield>
    <subfield code="r">2023-08-18</subfield>
    <subfield code="w">2023-08-18</subfield>
    <subfield code="y">LBS1</subfield>
    <subfield code="z">Dedicado.</subfield>
  </datafield>
  <datafield tag="952" ind1=" " ind2=" ">
    <subfield code="0">0</subfield>
    <subfield code="1">0</subfield>
    <subfield code="2">ddc</subfield>
    <subfield code="5">1</subfield>
    <subfield code="7">0</subfield>
    <subfield code="8">PD</subfield>
    <subfield code="a">BNPHU</subfield>
    <subfield code="b">BNPHU</subfield>
    <subfield code="c">CT</subfield>
    <subfield code="d">2026-03-27</subfield>
    <subfield code="e">Donado por Leopoldo Maldonado</subfield>
    <subfield code="l">0</subfield>
    <subfield code="o"> BNPHU PD </subfield>
    <subfield code="p">2026-2464</subfield>
    <subfield code="r">2026-03-27</subfield>
    <subfield code="t">e.2</subfield>
    <subfield code="w">2026-03-27</subfield>
    <subfield code="y">LBS1</subfield>
  </datafield>
  <datafield tag="999" ind1=" " ind2=" ">
    <subfield code="c">54469</subfield>
    <subfield code="d">54469</subfield>
  </datafield>
</record>
